| 000 | 01043nam0a22002651 4500 | ||
|---|---|---|---|
| 001 | rc\2659072 | ||
| 005 | 20250529193246.0 | ||
| 035 | _a(NLR Aleph) 006966206 | ||
| 090 |
_a5394402 _c5394402 |
||
| 100 | _a20110616d1928 |||y0rusy50 ca | ||
| 101 | 0 | _arus | |
| 102 | _aRU | ||
| 105 | _ay z ||||| | ||
| 200 | 1 |
_aНародные песни о Степане Разине _eИсторико-литературное исследование и тексты _fА.Н. Лозанова |
|
| 210 |
_a[Саратов] _cНижне-Волжск. обл. науч. о-во краеведения _d1928 _eНовоузенск _gтип. Комбината |
||
| 215 |
_a277, [10] с. _d18х13 см |
||
| 300 | _aВ бумажной обертке | ||
| 320 | _aБиблиогр: "Библиография" (на 19 с.) | ||
| 700 | 1 |
_aЛозанова _bА.Н. _f1896- _gАлександра Николаевна |
|
| 801 | 0 |
_aRU _bNLR _gpsbo |
|
| 801 | 1 |
_aRU _bELAR _2rusmarc |
|
| 852 |
_aNLR _j58/415 |
||
| 852 |
_aNLR _j111/842 |
||
| 942 | _cBOOK | ||
| 980 | _aNB | ||